| 000 | 00816cam a22002413a 4500 | ||
|---|---|---|---|
| 001 | 22722 | ||
| 003 | PGUSA | ||
| 005 | 20140828083502.0 | ||
| 008 | 070922s2007||||xxu|||||s|||||000 | eng d | ||
| 040 |
_aPGUSA _beng |
||
| 042 | _adc | ||
| 050 | 4 | _aPF | |
| 100 | 1 |
_aVries, M. de _q(Matthias), _d1820-1892 |
|
| 245 | 1 | 0 |
_aWoordenlijst voor de spelling der Nederlandsche Taal : _bMet aanwijzing van de geslachten der naamwoorden en de vervoeging der werkwoorden _h[electronic resource] / _cM. de Vries |
| 260 |
_bProject Gutenberg, _c2007 |
||
| 506 | _aPublic domain in the USA. | ||
| 516 | _aElectronic text | ||
| 653 | _aDutch language -- Orthography and spelling | ||
| 700 | 1 |
_aBeets, Adriaan, _d1860-1937 |
|
| 830 | 0 |
_aProject Gutenberg _v22722 |
|
| 856 | 4 | 0 | _uhttp://www.gutenberg.org/ebooks/22722 |
| 942 | _cEB | ||
| 999 |
_c251977 _d251977 |
||